00435nam a2200157 a 450000500170000000800410001702000180005805000180007610000150009424500400010926000370014930000230018644000260020965000210023565000210025620140412111317.0001118s19uu xx 00 eng d a0-394-80016-8 aERbGr75 1960 aSeuss, Dr. aGreen eggs and ham /cby Dr. Seuss. aNew York :bRandom House,c1960. a1 v. (unp.) ; ill. aBeginner Books, bk.16 aNon sense verses aStories in rhyme